[Event "Women China - Russia (match) 2015"]
[Site "Ningbo CHN"]
[Date "2015.07.17"]
[Round "3"]
[White "Tan, Zhongyi"]
[Black "Goryachkina, Aleksandra"]
[Result "1-0"]
[WhiteElo "2488"]
[BlackElo "2486"]
[PlyCount "69"]
[EventDate "2015.07.15"]
[WhiteTeam "China"]
[BlackTeam "Russia"]

1. d4 d5 2. c4 e6 3. Nf3 c6 4. Nc3 dxc4 5. a4 Bb4 6. e3 b5 7. Bd2 a5 8. axb5
Bxc3 9. Bxc3 cxb5 10. b3 Bb7 11. bxc4 b4 12. Bb2 Nf6 13. Bd3 O-O 14. O-O Nbd7
15. Nd2 e5 16. f4 exd4 17. exd4 Qc7 18. d5 Ra6 19. Bd4 Nc5 20. Bc2 Bc8 21. Qb1
Re8 22. Nb3 Nxb3 23. Qxb3 Bb7 24. Rae1 Rc8 25. Bd3 Qd6 26. Bf5 Rd8 27. Qh3 h6
28. Re5 Qc7 29. Bd3 Qc8 30. Qg3 a4 31. Rfe1 a3 32. Rf5 Qc7 33. Bxf6 Rxf6 34.
Rxf6 a2 35. Rxh6 1-0

[Event "Women China - Russia (match) 2015"]
[Site "Ningbo CHN"]
[Date "2015.07.17"]
[Round "3"]
[White "Shen, Yang"]
[Black "Girya, Olga"]
[Result "1/2-1/2"]
[WhiteElo "2465"]
[BlackElo "2486"]
[PlyCount "126"]
[EventDate "2015.07.15"]
[WhiteTeam "China"]
[BlackTeam "Russia"]

1. d4 d5 2. Nf3 Nf6 3. c4 c6 4. e3 Bf5 5. Nc3 e6 6. Nh4 Bg6 7. Qb3 Qc7 8. Nxg6
hxg6 9. g3 Nbd7 10. Bg2 Be7 11. O-O Nb6 12. cxd5 cxd5 13. e4 dxe4 14. Nxe4 Nxe4
15. Bxe4 Qd7 16. Qf3 Nd5 17. Re1 O-O 18. Bxd5 exd5 19. Bf4 Rac8 20. Re2 Rc4 21.
Rd1 g5 22. b3 Rc6 23. Rde1 Re6 24. Bd2 Rxe2 25. Rxe2 Bf6 26. Bc3 Rc8 27. Kg2 g4
28. Qd3 g6 29. Bd2 Re8 30. Rxe8+ Qxe8 31. h3 gxh3+ 32. Kxh3 Qc6 33. Be3 b5 34.
Kg2 a6 35. Kf1 Kg7 36. Ke2 Qe6 37. Kd2 Qd6 38. Kc2 Qa3 39. Kb1 Qb4 40. Kb2 Qe7
41. Kc2 Qd7 42. Bf4 Qa7 43. Be3 b4 44. Kd2 Qb6 45. Kc2 Kg8 46. Kb1 Kg7 47. Kc2
Kf8 48. Kb1 Ke8 49. Qe2 Kd7 50. Qg4+ Qe6 51. Qxe6+ Kxe6 52. Kc2 Be7 53. Kd3 Bd6
54. g4 f5 55. f3 Kf6 56. g5+ Ke6 57. f4 Kd7 58. Kc2 Be7 59. Kd3 Kc6 60. Kc2 Kb5
61. Kd3 a5 62. Bd2 a4 63. Be3 a3 1/2-1/2

[Event "Women China - Russia (match) 2015"]
[Site "Ningbo CHN"]
[Date "2015.07.17"]
[Round "3"]
[White "Gunina, Valentina"]
[Black "Huang, Qian"]
[Result "1-0"]
[WhiteElo "2548"]
[BlackElo "2457"]
[PlyCount "103"]
[EventDate "2015.07.15"]
[WhiteTeam "Russia"]
[BlackTeam "China"]

1. d4 d5 2. Nf3 Nf6 3. c4 c6 4. Nc3 dxc4 5. a4 Bf5 6. Ne5 Nbd7 7. Nxc4 Nb6 8.
Ne5 a5 9. g3 e6 10. Bg2 Bb4 11. O-O O-O 12. e3 h6 13. Qe2 Nbd7 14. e4 Bh7 15.
Nd3 Qb6 16. Rd1 Qxd4 17. Nxb4 Qxb4 18. Be3 Qe7 19. Rd2 e5 20. Rad1 Nc5 21. Rd6
Ne6 22. f4 Rfd8 23. fxe5 Nd7 24. Bf4 g5 25. Qd2 gxf4 26. gxf4 Nef8 27. Bh3 Qh4
28. Qg2+ Bg6 29. Qg3 Qe7 30. Kh1 Kh7 31. Qf2 Nxe5 32. fxe5 Re8 33. e6 fxe6 34.
e5 Qg5 35. Re1 Re7 36. Qd4 c5 37. Qxc5 Qh4 38. Qe3 Rc8 39. Rd4 Qg5 40. Rf4 Rg7
41. Rg1 Qd8 42. Ne4 Bxe4+ 43. Qxe4+ Kh8 44. Rxg7 Kxg7 45. Rg4+ Kh8 46. Rg1 Rc7
47. Qf4 Nh7 48. Bxe6 Ng5 49. Qf5 Rg7 50. Bb3 Qe8 51. Rc1 Rd7 52. Qf6+ 1-0

[Event "Women China - Russia (match) 2015"]
[Site "Ningbo CHN"]
[Date "2015.07.17"]
[Round "3"]
[White "Kashlinskaya, Alina"]
[Black "Lei, Tingjie"]
[Result "1/2-1/2"]
[WhiteElo "2432"]
[BlackElo "2450"]
[PlyCount "85"]
[EventDate "2015.07.15"]
[WhiteTeam "Russia"]
[BlackTeam "China"]

1. d4 Nf6 2. c4 g6 3. Nc3 d5 4. cxd5 Nxd5 5. e4 Nxc3 6. bxc3 Bg7 7. Bb5+ c6 8.
Ba4 O-O 9. Ne2 e5 10. O-O Qe7 11. Qc2 Be6 12. Be3 Bc4 13. Bb3 exd4 14. Bxd4
Bxb3 15. Qxb3 Na6 16. f3 Rfd8 17. Rab1 Nc5 18. Qc4 Bf8 19. Ng3 b5 20. Qe2 Bg7
21. Bxg7 Kxg7 22. f4 f5 23. exf5 Qxe2 24. Nxe2 gxf5 25. Nd4 Rd5 26. h3 Ne4 27.
Ne6+ Kf6 28. Nc7 Rad8 29. Nxd5+ Rxd5 30. Rfc1 Rc5 31. c4 bxc4 32. Rb7 a6 33.
Rxh7 c3 34. Rb7 Rc4 35. Rc2 Nd6 36. Rb3 Nb5 37. Kh2 Rxf4 38. Rcxc3 Nxc3 39.
Rxc3 Ra4 40. Rxc6+ Kg5 41. Rc2 f4 42. Kg1 Ra3 43. Kf2 1/2-1/2

[Event "Women China - Russia (match) 2015"]
[Site "Ningbo CHN"]
[Date "2015.07.17"]
[Round "3"]
[White "Pogonina, Natalija"]
[Black "Ding, Yixin"]
[Result "1/2-1/2"]
[WhiteElo "2465"]
[BlackElo "2439"]
[PlyCount "79"]
[EventDate "2015.07.15"]
[WhiteTeam "Russia"]
[BlackTeam "China"]

1. e4 c5 2. Nf3 d6 3. d4 cxd4 4. Nxd4 Nf6 5. Nc3 a6 6. Be2 e5 7. Nb3 Be7 8. O-O
O-O 9. Qd3 Be6 10. Nd5 Bxd5 11. exd5 Nbd7 12. c4 b6 13. Be3 Nc5 14. Qc2 Nfd7
15. Nd2 a5 16. Bg4 Bg5 17. Bxd7 Nxd7 18. Ne4 Bxe3 19. fxe3 Qe7 20. Nc3 Nc5 21.
e4 g6 22. Rf2 Rac8 23. Raf1 Kg7 24. Rf3 f6 25. Qf2 Rf7 26. Qh4 Rcf8 27. Nb5 Qd7
28. Rg3 f5 29. exf5 Rxf5 30. Rgf3 Rxf3 31. Rxf3 Rxf3 32. gxf3 Nd3 33. b3 Nf4
34. Nc3 b5 35. Nxb5 Qf5 36. Qe7+ Kh6 37. Qh4+ Kg7 38. Qe7+ Kh6 39. Qh4+ Kg7 40.
Qe7+ 1/2-1/2

[Event "Women China - Russia (match) 2015"]
[Site "Ningbo CHN"]
[Date "2015.07.19"]
[Round "4"]
[White "Tan, Zhongyi"]
[Black "Pogonina, Natalija"]
[Result "1-0"]
[WhiteElo "2488"]
[BlackElo "2465"]
[PlyCount "103"]
[EventDate "2015.07.15"]
[WhiteTeam "China"]
[BlackTeam "Russia"]

1. d4 Nf6 2. c4 e6 3. g3 d5 4. Bg2 dxc4 5. Nf3 Bb4+ 6. Bd2 a5 7. O-O Nc6 8. Bg5
h6 9. Bxf6 Qxf6 10. e3 e5 11. d5 e4 12. dxc6 exf3 13. Qxf3 Qxf3 14. Bxf3 Rb8
15. cxb7 Bxb7 16. Bxb7 Rxb7 17. Rc1 Bd6 18. Nd2 Be5 19. Nxc4 Bf6 20. e4 Bxb2
21. Rab1 Bxc1 22. Rxb7 O-O 23. Rxc7 a4 24. Nb6 Bb2 25. Nxa4 Bd4 26. Rc4 Ba7 27.
Kf1 Rb8 28. Ke2 f6 29. Rc2 Rb4 30. Nc3 Rc4 31. f3 h5 32. Kd1 Rd4+ 33. Rd2 Rc4
34. Kc2 Bd4 35. Rd3 Bg1 36. h3 Bf2 37. g4 h4 38. Kb3 Rc8 39. a4 Be1 40. f4 Kf8
41. f5 Kg8 42. Nd5 Rb8+ 43. Kc4 Kh7 44. Re3 Bf2 45. Re2 Bg3 46. a5 Rb1 47. a6
Ra1 48. Kb5 Be5 49. Nb4 Bd4 50. Ra2 Rh1 51. Nc6 Be3 52. Ra3 1-0

[Event "Women China - Russia (match) 2015"]
[Site "Ningbo CHN"]
[Date "2015.07.19"]
[Round "4"]
[White "Huang, Qian"]
[Black "Kashlinskaya, Alina"]
[Result "1-0"]
[WhiteElo "2457"]
[BlackElo "2432"]
[PlyCount "83"]
[EventDate "2015.07.15"]
[WhiteTeam "China"]
[BlackTeam "Russia"]

1. Nf3 Nf6 2. c4 g6 3. b3 Bg7 4. Bb2 O-O 5. g3 d5 6. Bg2 c5 7. cxd5 Qxd5 8. Nc3
Qd6 9. Rc1 Bd7 10. d4 cxd4 11. Nxd4 e5 12. Ndb5 Qxd1+ 13. Rxd1 Bc6 14. O-O Bxg2
15. Kxg2 Nc6 16. Nd6 Rab8 17. Rd2 Rfd8 18. Rfd1 Bf8 19. Nc4 Be7 20. Nd5 Nxd5
21. Rxd5 f6 22. f4 exf4 23. gxf4 Nb4 24. Rd7 Nc6 25. Kf3 Kf7 26. e4 Ke8 27.
R7d5 Nb4 28. Nd6+ Kf8 29. R5d4 Nxa2 30. e5 Bxd6 31. exd6 Rbc8 32. d7 Rc7 33.
Rd6 Nc3 34. Re1 f5 35. Rf6+ Kg7 36. Rfe6 b5 37. R1e3 b4 38. Re7+ Kh6 39. Kg2 g5
40. R3e6+ Kh5 41. Rxh7+ Kg4 42. h3+ 1-0

[Event "Women China - Russia (match) 2015"]
[Site "Ningbo CHN"]
[Date "2015.07.19"]
[Round "4"]
[White "Lei, Tingjie"]
[Black "Gunina, Valentina"]
[Result "1/2-1/2"]
[WhiteElo "2450"]
[BlackElo "2548"]
[PlyCount "218"]
[EventDate "2015.07.15"]
[WhiteTeam "China"]
[BlackTeam "Russia"]

1. d4 d5 2. c4 c6 3. cxd5 cxd5 4. Bf4 Nc6 5. e3 Nf6 6. Nc3 Bg4 7. Qb3 Na5 8.
Bb5+ Bd7 9. Qd1 e6 10. Bd3 Rc8 11. Nf3 Nc4 12. Qe2 Bb4 13. Bxc4 Rxc4 14. O-O
Bxc3 15. bxc3 Qc8 16. Qb2 O-O 17. Rfc1 Ne4 18. Ne5 Rc7 19. f3 Nxc3 20. Rxc3
Rxc3 21. Nxd7 Re8 22. Nc5 Rc4 23. Nxb7 Rc2 24. Qb5 a6 25. Qa4 Rc4 26. Qb3 Rc1+
27. Rxc1 Qxc1+ 28. Kf2 Qd2+ 29. Kg3 f6 30. Bc7 Qe1+ 31. Kh3 g5 32. Bg3 Qe2 33.
Qa4 Re7 34. Qb4 g4+ 35. Kh4 Qxe3 36. f4 Re8 37. Qd6 Qe4 38. Qd7 Rf8 39. Nc5
Qxg2 40. Qxe6+ Kh8 41. Qxg4 Qc2 42. Qh5 Rg8 43. Qxd5 Qd1 44. Qe6 Rg6 45. Qc8+
Rg8 46. Qe6 Rg6 47. Qe8+ Rg8 48. Qh5 Qxd4 49. Kh3 Rc8 50. Ne6 Qd3 51. Kh4 Qe4
52. Qf7 Qg6 53. Qxg6 hxg6 54. Kg4 Rc4 55. Bh4 Kg8 56. Kf3 Kf7 57. Nd8+ Ke7 58.
Nb7 Rc2 59. a4 Rc4 60. Bf2 Rxa4 61. h4 f5 62. Nc5 Ra3+ 63. Ke2 Ra2+ 64. Ke3 a5
65. Be1 a4 66. Bb4 Kf7 67. Nd3 Kg7 68. Kd4 Kh6 69. Kc3 Kh5 70. Be7 Re2 71. Ne5
Re4 72. Bg5 Re3+ 73. Kb2 Rg3 74. Ka2 Rb3 75. Nd7 Kg4 76. Nc5 Rb4 77. Nd3 Rb6
78. Ne5+ Kg3 79. Ka3 Ra6 80. Nd3 Rd6 81. Nc5 Rd4 82. Ne6 Rd6 83. Nc5 Rc6 84.
Nd7 Ra6 85. Ne5 Kf2 86. Nd3+ Kf3 87. Nb2 Re6 88. Nc4 Ra6 89. Kb4 Ke4 90. Ka3
Kd5 91. Ne5 Kc5 92. Be7+ Kb5 93. Bf8 Re6 94. Kb2 Rf6 95. Ba3 Rb6 96. Kc3 Ka6
97. Bb4 Kb5 98. Bf8 Ra6 99. Ba3 Ra7 100. Kd4 Rg7 101. Kd5 Rh7 102. Nxg6 Rh6
103. Ne7 Rxh4 104. Nxf5 Rxf4 105. Nd6+ Ka6 106. Kc5 Rf3 107. Nc4 Rb3 108. Bb4
Rb1 109. Ba3 Rb3 1/2-1/2

[Event "Women China - Russia (match) 2015"]
[Site "Ningbo CHN"]
[Date "2015.07.19"]
[Round "4"]
[White "Girya, Olga"]
[Black "Ding, Yixin"]
[Result "1/2-1/2"]
[WhiteElo "2486"]
[BlackElo "2439"]
[PlyCount "209"]
[EventDate "2015.07.15"]
[WhiteTeam "Russia"]
[BlackTeam "China"]

1. d4 Nf6 2. Nf3 g6 3. Bg5 Bg7 4. Nbd2 d5 5. e3 O-O 6. Be2 b6 7. O-O Bb7 8. a4
a5 9. c3 Nbd7 10. h3 Re8 11. Bb5 c6 12. Be2 e5 13. dxe5 Nxe5 14. Nxe5 Rxe5 15.
Nf3 Re8 16. Qb3 h6 17. Bxf6 Bxf6 18. Rfd1 Qc7 19. Nd4 Rad8 20. Rd2 Rd6 21. Rad1
Red8 22. Bf3 Ba6 23. Qc2 Kg7 24. g3 h5 25. h4 Qd7 26. Bg2 Qe7 27. Qb3 Qc7 28.
Bf1 Bb7 29. Qc2 Qe7 30. Qb1 Ba8 31. Bg2 Bb7 32. Qd3 Kg8 33. Qc2 Ba6 34. Qb1 Kg7
35. Bf3 Kg8 36. Re1 Qd7 37. Qa2 c5 38. Nb5 Bxb5 39. axb5 d4 40. exd4 cxd4 41.
c4 Re6 42. Red1 Qe7 43. Qb1 Kg7 44. Kg2 Qb4 45. b3 Rc8 46. Bc6 Re7 47. Rd3 Rcc7
48. Bd5 Re2 49. Rf3 Rce7 50. Qc1 Qd6 51. Kf1 Qd7 52. Rxf6 Kxf6 53. Qf4+ Kg7 54.
Qxd4+ Kh7 55. Qxb6 Qf5 56. Qd4 Qc2 57. Bf3 R2e5 58. Qd3 Qb2 59. b6 Rf5 60. Kg2
Re8 61. b7 Qf6 62. Rd2 Qb6 63. Bd5 Rd8 64. Qe3 Qb4 65. Ra2 Rb8 66. Ra4 Qd6 67.
Qe4 Qb6 68. Qe3 Qd6 69. Kh2 Rxd5 70. cxd5 Qxd5 71. Re4 Rxb7 72. Rd4 Qxb3 73.
Qe5 Qb5 74. Rd5 Qb2 75. Qxb2 Rxb2 76. Rxa5 Rxf2+ 77. Kg1 Rb2 78. Ra6 Kg7 79.
Kf1 Kf8 80. Ra7 Ke8 81. Rc7 Rd2 82. Ra7 Rd7 83. Ra6 Ke7 84. Kf2 Rd6 85. Ra3 Ke6
86. Kf3 Ke5 87. Ra5+ Rd5 88. Ra3 Kf5 89. Rb3 f6 90. Ra3 g5 91. hxg5 Kxg5 92.
Rb3 Rf5+ 93. Kg2 h4 94. gxh4+ Kxh4 95. Rb4+ Kg5 96. Kg3 Rc5 97. Kf3 Rc3+ 98.
Kf2 Rd3 99. Ra4 f5 100. Rb4 f4 101. Rb8 f3 102. Rg8+ Kf4 103. Rf8+ Ke5 104.
Rxf3 Rxf3+ 105. Kxf3 1/2-1/2

[Event "Chinese League (Division A) 2015"]
[Site "China CHN"]
[Date "2015.07.24"]
[Round "8"]
[White "Li, Xueyi"]
[Black "Gunina, Valentina"]
[Result "1/2-1/2"]
[WhiteElo "2190"]
[BlackElo "2528"]
[PlyCount "136"]
[EventDate "2015.04.10"]
[WhiteTeam "Guangdong"]
[BlackTeam "Qingdao"]

1. d4 d5 2. c4 c6 3. cxd5 cxd5 4. Bf4 Nc6 5. Nc3 e5 6. Bxe5 Nxe5 7. dxe5 d4 8.
Ne4 Qb6 9. g3 Bf5 10. Bg2 Bb4+ 11. Kf1 Nh6 12. Qb3 O-O 13. a3 Qg6 14. Qxb4 Bxe4
15. Qxd4 Bb1 16. Qd1 Bc2 17. Qe1 Rae8 18. Nf3 Ng4 19. h3 Nxe5 20. Nxe5 Rxe5 21.
Kg1 h5 22. h4 Rfe8 23. e3 Be4 24. Rd1 Rc5 25. Qb4 Qc6 26. Bxe4 Rxe4 27. Qd2
Ree5 28. Qd8+ Kh7 29. Qd3+ g6 30. Kh2 Rf5 31. Rhf1 Rf3 32. Rd2 Qe6 33. Qd6 Qc4
34. Qd3 Qa4 35. Qe2 Rf6 36. e4 Re6 37. Qf3 Qe8 38. Re1 Rce5 39. Rd4 Qe7 40. Qd3
Rc5 41. Kg2 Qf6 42. Re3 Rc7 43. Rf3 Qe7 44. b4 Kg7 45. Qb1 Rf6 46. Rxf6 Qxf6
47. Qd3 Rc1 48. Qe3 Rc2 49. Rd2 Rc4 50. e5 Qc6+ 51. Qf3 Qxf3+ 52. Kxf3 Rc3+ 53.
Ke4 Rxa3 54. Rd7 Ra2 55. Rxb7 a6 56. f4 Kf8 57. Ra7 Rb2 58. Rxa6 Rxb4+ 59. Kd5
Rb3 60. Ra8+ Kg7 61. Ra7 Re3 62. Kd4 Re1 63. Ra3 Kf8 64. Re3 Rd1+ 65. Ke4 Ra1
66. Rd3 Ke7 67. Kf3 Ke6 68. Rd6+ Ke7 1/2-1/2

[Event "Chinese League (Division A) 2015"]
[Site "China CHN"]
[Date "2015.07.24"]
[Round "8"]
[White "Tan, Zhongyi"]
[Black "Xiao, Yiyi"]
[Result "1/2-1/2"]
[WhiteElo "2487"]
[BlackElo "2218"]
[PlyCount "46"]
[EventDate "2015.04.10"]
[WhiteTeam "Chongqing"]
[BlackTeam "Shandong"]

1. d4 Nf6 2. c4 e6 3. Nf3 Bb4+ 4. Nbd2 d5 5. a3 Be7 6. e3 O-O 7. Bd3 b6 8. O-O
Bb7 9. cxd5 exd5 10. b4 Nbd7 11. Qe2 a6 12. Bb2 Ne4 13. Rac1 Bd6 14. Ne5 Qe7
15. Nxd7 Qxd7 16. Nf3 Qe7 17. Ne5 f6 18. Nc6 Qe8 19. b5 axb5 20. Bxb5 Qg6 21.
a4 Qh6 22. h3 Bc8 23. Rfe1 Qg6 1/2-1/2

[Event "Chinese League (Division A) 2015"]
[Site "China CHN"]
[Date "2015.07.24"]
[Round "8"]
[White "Harika, Dronavalli"]
[Black "Zhang, Xiaowen"]
[Result "1/2-1/2"]
[WhiteElo "2508"]
[BlackElo "2349"]
[PlyCount "159"]
[EventDate "2015.04.10"]
[WhiteTeam "Beijing"]
[BlackTeam "Shanghai"]

1. d4 Nf6 2. Nf3 d5 3. c4 e6 4. g3 dxc4 5. Bg2 c5 6. O-O Nc6 7. dxc5 Qxd1 8.
Rxd1 Bxc5 9. Nbd2 c3 10. bxc3 O-O 11. Nb3 Be7 12. Nfd4 Nxd4 13. cxd4 Nd5 14.
Bd2 f5 15. Na5 b6 16. Nc6 Bf6 17. a4 Bb7 18. Ne5 Rfd8 19. a5 Rac8 20. axb6 axb6
21. e3 Rc2 22. Nd3 Bc6 23. Ne1 Rb2 24. Nd3 Rc2 25. Bf1 Be8 26. Be1 Rdc8 27.
Rdb1 R2c7 28. Nb4 Nxb4 29. Bxb4 Bc6 30. Ba3 Be4 31. Rxb6 Ra8 32. Ra6 Rxa6 33.
Bxa6 Ra7 34. Bb2 g5 35. Bc4 Rxa1+ 36. Bxa1 Kf7 37. Bc3 Be7 38. Bf1 g4 39. Bg2
Bd3 40. f3 h5 41. h4 Kg6 42. Kf2 gxf3 43. Bxf3 Be4 44. Be2 Bd6 45. Bb5 Kf7 46.
Ba4 Bd5 47. Bd1 Kg6 48. Bf3 Be4 49. Ba5 Bb8 50. Bd8 Bd6 51. Bg5 Bb4 52. Bf4 Ba5
53. Be2 Bc6 54. Bc4 Kf7 55. Ke2 Be4 56. Bb5 Bb4 57. Ba4 Ke7 58. Kd1 Kf7 59. Bc2
Bf3+ 60. Kc1 Ba3+ 61. Kb1 Be4 62. Bxe4 fxe4 63. Kc2 Bb4 64. Kb3 Be1 65. Kc4 Kf6
66. Kc5 Kf5 67. Kd6 Kf6 68. Be5+ Kf5 69. Ke7 Bf2 70. Bf4 Be1 71. Kf7 Bf2 72.
Ke7 Be1 73. Ke8 Kf6 74. Kf8 Kf5 75. Kg7 Bf2 76. Kf7 Be1 77. Ke7 Bf2 78. Kf7 Be1
79. Ke7 Bf2 80. Kf7 1/2-1/2

[Event "Chinese League (Division A) 2015"]
[Site "China CHN"]
[Date "2015.07.24"]
[Round "8"]
[White "Zhao, Xue"]
[Black "Ju, Wenjun"]
[Result "1-0"]
[WhiteElo "2527"]
[BlackElo "2557"]
[PlyCount "105"]
[EventDate "2015.04.10"]
[WhiteTeam "Beijing"]
[BlackTeam "Shanghai"]

1. d4 Nf6 2. c4 e6 3. Nc3 Bb4 4. Qc2 c5 5. dxc5 O-O 6. a3 Bxc5 7. Nf3 b6 8. Bf4
Bb7 9. Rd1 Nc6 10. b4 Be7 11. e4 Nh5 12. Be3 Qc7 13. Nb5 Qb8 14. Rxd7 Nf6 15.
Rd1 Ng4 16. Bg5 f6 17. Bd2 f5 18. exf5 Nce5 19. Nbd4 Nxf3+ 20. Nxf3 Bxf3 21.
gxf3 Qb7 22. Bg2 Rxf5 23. O-O Ne5 24. Qe4 Qxe4 25. fxe4 Rff8 26. Bc3 Nxc4 27.
Rd7 Rfe8 28. e5 Rad8 29. Rxa7 Rd3 30. Bc6 Red8 31. Rc1 Bg5 32. Rc2 Bf4 33. Bb5
Rd1+ 34. Kg2 Nxe5 35. Bxe5 Bxe5 36. Bc4 R1d6 37. Re2 Bd4 38. Bxe6+ Kh8 39. f4
g6 40. Bg4 Bf6 41. Rb7 Rf8 42. Re4 Rd2+ 43. Be2 Bd8 44. Kg3 Rd6 45. a4 Rc6 46.
Rd7 Rc3+ 47. Bd3 Bc7 48. Ree7 Bxf4+ 49. Kg2 Rfc8 50. Rxh7+ Kg8 51. Be4 Be5 52.
Bd5+ Kf8 53. Rhf7+ 1-0

[Event "Chinese League (Division A) 2015"]
[Site "China CHN"]
[Date "2015.07.25"]
[Round "9"]
[White "Gunina, Valentina"]
[Black "Zhao, Xue"]
[Result "0-1"]
[WhiteElo "2528"]
[BlackElo "2527"]
[PlyCount "55"]
[EventDate "2015.04.10"]
[WhiteTeam "Qingdao"]
[BlackTeam "Beijing"]

1. Nf3 Nf6 2. c4 b6 3. g3 c5 4. Bg2 Bb7 5. O-O e6 6. b3 d6 7. Bb2 Nbd7 8. Nc3
Be7 9. d4 cxd4 10. Qxd4 a6 11. Rad1 Qc7 12. Ng5 Bxg2 13. Kxg2 Qc6+ 14. Kg1 O-O
15. Qf4 b5 16. Nce4 bxc4 17. bxc4 Nxe4 18. Nxe4 Rad8 19. Rd2 Nb6 20. Rc1 f5 21.
Ng5 e5 22. Qf3 Rc8 23. c5 dxc5 24. Qh5 h6 25. Nf3 e4 26. Ne5 Qe8 27. Qxe8 Rfxe8
28. Ng6 0-1

[Event "Chinese League (Division A) 2015"]
[Site "China CHN"]
[Date "2015.07.25"]
[Round "9"]
[White "Ju, Wenjun"]
[Black "Tan, Zhongyi"]
[Result "1/2-1/2"]
[WhiteElo "2557"]
[BlackElo "2487"]
[PlyCount "64"]
[EventDate "2015.04.10"]
[WhiteTeam "Shanghai"]
[BlackTeam "Chongqing"]

1. d4 d5 2. c4 e6 3. Nc3 Bb4 4. cxd5 exd5 5. Bf4 c5 6. dxc5 Nc6 7. e3 Nf6 8.
Bd3 Bxc5 9. Nf3 O-O 10. O-O d4 11. exd4 Nxd4 12. h3 Bf5 13. Bxf5 Nxf5 14. Be5
Re8 15. Qa4 Nd5 16. Qg4 Nxc3 17. Qxf5 Ne2+ 18. Kh1 f6 19. Rae1 Bd6 20. Rd1 g6
21. Qe4 fxe5 22. Qxe2 e4 23. Qc4+ Kf8 24. Nd2 Qh4 25. f3 Kg7 26. fxe4 Rac8 27.
Qf7+ Kh8 28. Nf3 Qf4 29. Qd5 Bb8 30. e5 Rc6 31. Qd7 Rg8 32. Qe7 Rc7 1/2-1/2

[Event "Turkish Super League 2015"]
[Site "Kocaeli TUR"]
[Date "2015.08.04"]
[Round "1"]
[White "Ushenina, Anna"]
[Black "Dzagnidze, Nana"]
[Result "0-1"]
[WhiteElo "2435"]
[BlackElo "2573"]
[PlyCount "110"]
[EventDate "2015.08.04"]
[WhiteTeam "T.S Alyans Satranc Sports Club"]
[BlackTeam "Deniz Su Aquamatch Satranc Genclik Ve Sports "]

1. d4 Nf6 2. c4 e6 3. Nf3 d5 4. e3 a6 5. b3 Nbd7 6. Bb2 b6 7. Bd3 Bb7 8. O-O
Bd6 9. Nbd2 Ne4 10. a3 O-O 11. b4 Nxd2 12. Nxd2 dxc4 13. Nxc4 Qg5 14. e4 f5 15.
Nxd6 cxd6 16. Qe2 Nf6 17. f3 fxe4 18. fxe4 Nh5 19. Bc1 Rxf1+ 20. Qxf1 Qg6 21.
Qe2 Qf6 22. Qf2 Rf8 23. Qxf6 Nxf6 24. Bf4 Nxe4 25. Bxe4 Bxe4 26. Bxd6 Rc8 27.
Bg3 Rc2 28. Bf2 Kf7 29. h3 Ke8 30. Re1 Bd5 31. Re3 Kd7 32. Rg3 g6 33. h4 Kc6
34. h5 gxh5 35. Rg5 Kb5 36. Rxh5 Rc7 37. Rh3 Ka4 38. Kf1 Rc1+ 39. Ke2 Bxg2 40.
Rxh7 Kxa3 41. Be1 Rxe1+ 42. Kxe1 Kxb4 43. Ra7 a5 44. Ra6 Kb5 45. Ra7 Bd5 46.
Kd2 Kb4 47. Kc2 b5 48. Kb2 a4 49. Rc7 a3+ 50. Kc2 Be4+ 51. Kc1 Kb3 52. Ra7 a2
53. Ra6 b4 54. Ra5 Bc6 55. Ra6 Ba4 0-1

[Event "Turkish Super League 2015"]
[Site "Kocaeli TUR"]
[Date "2015.08.06"]
[Round "3"]
[White "Micoogullari, Lara"]
[Black "Dzagnidze, Nana"]
[Result "0-1"]
[WhiteElo "1668"]
[BlackElo "2573"]
[PlyCount "61"]
[EventDate "2015.08.04"]
[WhiteTeam "Hatay Buyuksehir Belediyesi Genclik Sports Cl"]
[BlackTeam "Deniz Su Aquamatch Satranc Genclik Ve Sports "]

1. Nf3 Nf6 2. g3 b6 3. Bg2 Bb7 4. O-O e6 5. b3 d5 6. Bb2 Be7 7. d4 O-O 8. c4
dxc4 9. bxc4 c5 10. e3 Nc6 11. Nc3 cxd4 12. Nxd4 Qc8 13. Nxc6 Bxc6 14. e4 Nd7
15. Qe2 Rd8 16. Nb5 a6 17. Nd4 Bb7 18. Rac1 Qc7 19. Rfd1 Rac8 20. Bh3 Nc5 21.
Qg4 Bf8 22. Bg2 Rd7 23. h4 Rcd8 24. Qe2 g6 25. e5 Bxg2 26. Kxg2 Qb7+ 27. Nf3
Nd3 28. Rc2 Nf4+ 29. gxf4 Rxd1 30. Bc3 R1d3 31. Rd2 0-1

[Event "Turkish Super League 2015"]
[Site "Kocaeli TUR"]
[Date "2015.08.08"]
[Round "5"]
[White "Dzagnidze, Nana"]
[Black "Yordanova, Svetla"]
[Result "1-0"]
[WhiteElo "2573"]
[BlackElo "2131"]
[PlyCount "79"]
[EventDate "2015.08.04"]
[WhiteTeam "Deniz Su Aquamatch Satranc Genclik Ve Sports "]
[BlackTeam "Akdeniz Belediyesi Sports Club"]

1. Nf3 Nf6 2. c4 e6 3. g3 d5 4. b3 Be7 5. Bb2 O-O 6. Bg2 c5 7. cxd5 exd5 8. d4
Nc6 9. O-O Be6 10. Nc3 Rc8 11. dxc5 Bxc5 12. a3 a6 13. e3 Qe7 14. Ne2 Rfd8 15.
b4 Ba7 16. Rc1 Ne4 17. Ned4 Nd6 18. Nxc6 bxc6 19. Ne5 Qb7 20. Bd4 Nc4 21. Rc3
f6 22. Nd3 a5 23. Nc5 Bxc5 24. Bxc5 axb4 25. axb4 Ra8 26. Qd4 Ne5 27. Rfc1 Bh3
28. Bh1 Qb5 29. e4 dxe4 30. Qxe4 Ra2 31. Bg2 Re2 32. Be3 Bxg2 33. Kxg2 Rb8 34.
Rb1 h6 35. Rc5 Qa4 36. Rxe5 Qa2 37. Re8+ Rxe8 38. Qxe8+ Kh7 39. Qe4+ Kh8 40.
Rd1 1-0

[Event "Women Russian Superfinal 2015"]
[Site "Chita RUS"]
[Date "2015.08.09"]
[Round "1"]
[White "Lagno, Kateryna"]
[Black "Kovalevskaya, Ekaterina"]
[Result "1/2-1/2"]
[WhiteElo "2530"]
[BlackElo "2453"]
[PlyCount "43"]
[EventDate "2015.08.09"]

1. e4 c5 2. Nf3 Nc6 3. d4 cxd4 4. Nxd4 e5 5. Nb5 d6 6. c4 Be7 7. N1c3 a6 8. Na3
Nf6 9. Nc2 O-O 10. Be2 Be6 11. O-O Rc8 12. Be3 h6 13. Qd2 Nxe4 14. Nxe4 f5 15.
f3 fxe4 16. fxe4 Qc7 17. Bxh6 gxh6 18. Qxh6 Qd7 19. Qg6+ Kh8 20. Qh6+ Kg8 21.
Qg6+ Kh8 22. Qh6+ 1/2-1/2

[Event "Women Russian Superfinal 2015"]
[Site "Chita RUS"]
[Date "2015.08.11"]
[Round "3"]
[White "Savina, Anastasia"]
[Black "Gunina, Valentina"]
[Result "0-1"]
[WhiteElo "2429"]
[BlackElo "2531"]
[PlyCount "96"]
[EventDate "2015.08.09"]

1. d4 d5 2. c4 c6 3. Nc3 Nf6 4. e3 e6 5. Nf3 Nbd7 6. Qc2 Bd6 7. Bd3 O-O 8. O-O
dxc4 9. Bxc4 b5 10. Bd3 Bb7 11. e4 e5 12. h3 a6 13. Bg5 h6 14. Bh4 Re8 15. Rad1
exd4 16. Nxd4 Qb6 17. Nf5 Be5 18. Kh1 c5 19. f4 Bxc3 20. Qxc3 b4 21. Qb3 Qc6
22. Rf3 c4 23. Bxc4 Rxe4 24. Bxf7+ Kh8 25. Nd6 Rxf4 26. Nxb7 Rxh4 27. Bd5 Qc7
28. Nd6 Rf8 29. Nf7+ Rxf7 30. Bxf7 Ng4 31. Rg3 Nf2+ 32. Kh2 Nxd1 33. Qxd1 Nf6
34. Bg6 Ng4+ 35. Qxg4 Rxg4 36. hxg4 Qd6 37. Bd3 g6 38. Kh3 Kg7 39. Rf3 Qe6 40.
Kg3 Qxa2 41. b3 Qxb3 42. Bxa6 Qe6 43. Bd3 b3 44. Bf1 b2 45. Bd3 Qd6+ 46. Kh3
Qxd3 47. Rxd3 b1=Q 48. Rf3 Qe1 0-1

[Event "Women Russian Superfinal 2015"]
[Site "Chita RUS"]
[Date "2015.08.11"]
[Round "3"]
[White "Kosteniuk, Alexandra"]
[Black "Guseva, Marina"]
[Result "1/2-1/2"]
[WhiteElo "2526"]
[BlackElo "2431"]
[PlyCount "110"]
[EventDate "2015.08.09"]

1. e4 c6 2. d4 d5 3. Nd2 dxe4 4. Nxe4 Bf5 5. Ng3 Bg6 6. h4 h6 7. Nf3 e6 8. Ne5
Bh7 9. Bd3 Bxd3 10. Qxd3 Nd7 11. f4 Nxe5 12. fxe5 c5 13. Be3 cxd4 14. O-O-O Ne7
15. Qb5+ Qd7 16. Qxd7+ Kxd7 17. Bxd4 Ke8 18. b3 Nc6 19. Bb2 Be7 20. Ne4 h5 21.
Rhf1 Rh6 22. g3 Rg6 23. Rf4 Rc8 24. Kb1 Rc7 25. c4 b6 26. a3 Na5 27. Rd3 Nb7
28. b4 a5 29. Bc3 axb4 30. axb4 Rg4 31. Rxg4 hxg4 32. Nd2 f5 33. Kb2 Rd7 34.
Rxd7 Kxd7 35. Kb3 Nd8 36. Ka4 Nc6 37. Kb5 Kc7 38. Nf1 g6 39. Ne3 Bf8 40. Ng2
Bh6 41. c5 bxc5 42. Kxc5 Ne7 43. b5 Nd5 44. b6+ Kb7 45. Bd4 Bf8+ 46. Kb5 Bb4
47. Nf4 Nxf4 48. Kxb4 Ne2 49. Bf2 f4 50. gxf4 g3 51. Be3 g2 52. Kc5 Ng3 53. Bg1
Nf5 54. Bf2 Ng3 55. Bg1 Nf5 1/2-1/2